| 000 | 00467nam a2200181Ia 4500 | ||
|---|---|---|---|
| 003 | GCL | ||
| 008 | 140319s9999 xx 000 0 eng d | ||
| 040 |
_aGCL / _cGCL |
||
| 082 | 0 | 4 |
_a701.85 _bW C |
| 100 | 1 | _aWHELAN, BRIDE M. | |
| 245 | 1 | 0 |
_aCOLOUR HARMONY 2 / _cWHELAN, BRIDE M. |
| 260 |
_a[S.N] : _bTHAMES AND HUDSON ، _c1994 |
||
| 300 | _a160 P | ||
| 650 | 0 | 4 | _aHARMONY, COLORS |
| 650 | 0 | 4 | _aCOLOURS COMBINATIONS |
| 650 | 0 | 4 | _aDESIGN, COLORS |
| 942 |
_2ddc _cBK |
||
| 999 |
_c21152 _d21152 |
||